Loading...
| History - American History | 0 | 7 | 0 | 1 | 70 | 67 | 91.14 | 0 | 2 |
| History - European History | 0 | 6 | 1 | 0 | 55 | 51 | 75.17 | 0 | 3 |
| Philosophy | 0 | 5 | 2 | 1 | 40 | 85 | 102.40 | 0 | 1 |
| History - World History | 0 | 4 | 1 | 0 | 35 | 91 | 105.50 | 0 | 2 |
| Social Science | 0 | 3 | 0 | 0 | 30 | 91 | 95.33 | 0 | 2 |
| Mythology | 0 | 2 | 0 | 1 | 20 | 72 | 111.00 | 0 | 0 |
| Any History | 0 | 3 | 2 | 1 | 20 | 73 | 107.67 | 0 | 0 |
| Painting & Sculpture | 0 | 2 | 0 | 0 | 20 | 61 | 80.00 | 0 | 1 |
| Current Events | 0 | 1 | 0 | 1 | 10 | 136 | 136.00 | 0 | 0 |
| Literature - World Literature | 0 | 1 | 0 | 0 | 10 | 91 | 91.00 | 0 | 0 |
| Religion | 0 | 1 | 0 | 0 | 10 | 95 | 95.00 | 0 | 0 |
| Science - Other Science | 0 | 1 | 0 | 1 | 10 | 129 | 129.00 | 0 | 0 |
| Other Academic | 0 | 1 | 1 | 0 | 5 | 90 | 90.00 | 0 | 1 |